Ariana Grande - Filmographie - Statistiques

Statistiques générales
  • Ce quiz a été pris 134 fois
    57 depuis la dernière actualisation
  • Le résultat moyen est 5 sur 20
Statistiques - réponses
Hint Réponse % Correct
Films 2024 Wicked
96%
Films 2025 Wicked: For Good
96%
Télévision 2010-2013 Victorious
94%
Films 2021 Don't Look Up : Déni cosmique
65%
Télévision 2013-2014 Sam et Cat
47%
Télévision 2015 Scream Queens
43%
Télévision 2011 iCarly
18%
Films 2016 Zoolander 2
14%
Télévision 2013 Arnaque à la carte
12%
Films 2020 Excuse Me, I Love You
10%
Télévision 2016 Hairspray Live!
6%
Télévision 2018 Dangerous Woman Diaries
2%
Télévision 2011-2013 Winx Club
2%
Films 2021 Billie Eilish: The World's a Little Blurry
0%
Films 2015 Jem et les Hologrammes
0%
Télévision 2020 Kidding
0%
Télévision 2014 Les Griffin
0%
Films 2011 Snowflake, le gorille blanc
0%
Télévision 2009 The Battery's Down
0%
Films 2015 Underdogs
0%
Aucun quiz correspondant
Distribution des résultats
% des personnes avec chaque résultat
Percentile par nombre de réponses
Votre historique - résultats
Vous n’avez pas pris ce quiz depuis la dernière actualisation